| 000 | 00000nam 22000008a 4500 |
| 001 | 9.843471 |
| 003 | CaOODSP |
| 005 | 20221107152529 |
| 007 | cr ||||||||||| |
| 008 | 170914s1982||||xxc|||||o f|0| 0 eng d |
| 040 | |aCaOODSP|beng |
| 043 | |an-cn--- |
| 086 | 1 |aR32-320/1982E-PDF |
| 245 | 00|aIndian government 1981/82 annual report |h[electronic resource]. |
| 246 | 34|aIndian government report, 1981-1982 |
| 260 | |a[S.l. :|bs.n., |c1982?] |
| 300 | |a1 v. (various pagings) |
| 500 | |aDigitized edition from print [produced by Indigenous and Northern Affairs Canada]. |
| 520 | |aThe report is a compilation of Indigenous meetings and reports regarding issues around the Canadian constitution including lobbying in London. |
| 692 | 07|2gccst|aAboriginal rights |
| 692 | 07|2gccst|aConstitution |
| 692 | 07|2gccst|aLobbying |
| 710 | 1 |aCanada. |bIndian and Northern Affairs Canada. |
| 856 | 40|qPDF|s39.70 MB|uhttps://publications.gc.ca/collections/collection_2017/aanc-inac/R32-320-1982-eng.pdf |